| 000 | 00668cam a22002054a 4500 | ||
|---|---|---|---|
| 005 | 20250605164204.0 | ||
| 008 | 250528s ||||||||||||||||||||||||d | ||
| 035 | _a19879 | ||
| 020 | _a9608874041 | ||
| 040 |
_aGR-AtMCL _bgre _dGR-AtMCL _eAACR2 |
||
| 245 | 1 | _aBoost your Listening and Reading Skills / The Testmaster Series | |
| 250 | _a1η | ||
| 260 |
_bKey Editions, _c2006 |
||
| 300 | _a296 | ||
| 520 | _aTOEIC Test 1, TOEIC Test 2, TOEIC Test 3, TOEIC Test 4, TOEIC Test 5, Answer Sheets, City and Guilds Test 1, City and Guilds Test 2, Extra Vocabulary, Glossary. | ||
| 700 | 1 |
_aSarantos Thomas _96029 |
|
| 942 | _cBK | ||
| 999 |
_c5122 _d5122 |
||